000 00910nam a22003250a 4500
001 PT30513
003 AR-LpoUNG
005 20210202002406.0
008 191001s1953||||ag |||||||||||||||||spa d
040 _aAR-LpoUNG
_bspa
_cAR-LpoUNG
_eaacr
041 _aspa
044 _aag
082 0 _a982.062 691man
245 1 0 _aManual práctico del 2§ plan quinquenal
260 _aBuenos Aires :
_bSubsecretaría de Informaciones,
_c1953.
300 _a349 p. :
_bgráfs., tbls.
650 4 _aARGENTINA
650 4 _aBIENESTAR SOCIAL
650 4 _aECONOMIA
650 4 _aEJECUCION DEL PLAN
650 4 _aPLANES NACIONALES
650 4 _aPOLITICA ECONOMICA
650 4 _aPROGRAMAS GUBERNAMENTALES
650 4 _aSALUD PUBLICA
651 4 _aArgentina
653 _aPERONISMO
710 2 _aArgentina. Presidencia de la Nación. Subsecretaría de Informaciones
905 _a30513
942 _cLIB
999 _c56103
_d56103